| 000 | 00445nab a22001217u 4500 | ||
|---|---|---|---|
| 008 | 130520b2003 xxu||||| |||| 00| 0 spa d | ||
| 041 | _aspa | ||
| 100 | 1 |
_aPessini, Leocir _970439 |
|
| 245 | 0 | 0 |
_aEn nombre de la dignidad: Argumentos a favor y en contra de la eutanasia voluntaria _cLeocir Pessini, Maureen Junker-Kenny |
| 700 | 1 |
_aJunker-Kenny, Maureen _910248 |
|
| 773 | 0 |
_tConcilium _gnº300,2003,págs. 133-140 _x0210-1041 _wRev134 |
|
| 942 | _cAR | ||
| 999 |
_c363804 _d363804 |
||